Visualizzazione normale
Vista MARC
- Des Places, Édouard,
di Personal Name
Records bibliografici associati: 1
001 - CONTROL NUMBER
- control field: 56973
003 - CONTROL NUMBER IDENTIFIER
- control field:
005 - DATE AND TIME OF LATEST TRANSACTION
- control field: 20180505150735.0
008 - FIXED-LENGTH DATA ELEMENTS
- fixed length control field: 180505|| aca||aabn | a|a d
040 ## - CATALOGING SOURCE
- Original cataloging agency:
- Transcribing agency:
100 ## - HEADING--PERSONAL NAME
- Personal name: Des Places, Édouard,
- Titles and other words associated with a name: s.j.,
- Dates associated with a name: 1900-2000,
- Relator term: ed.
670 ## - SOURCE DATA FOUND
- Source citation: Work cat.: ()0: Diadochus Photicensis, sec. V. 56970, Opere spirituali /, 2016.